Modern American English : Workbook 2

Tallennettuna:
Bibliografiset tiedot
Päätekijä: Robert J. Dixson
Aineistotyyppi: Kirja
Kieli:Undetermined
Julkaistu: Englewood Cliffs, New Jersey Prentice Hall 1992
Aiheet:
Tagit: Lisää tagi
Ei tageja, Lisää ensimmäinen tagi!
Thư viện lưu trữ: Trung tâm Học liệu Trường Đại học Cần Thơ
LEADER 00549nam a2200193Ia 4500
001 CTU_53252
008 210402s9999 xx 000 0 und d
020 |b 73000 
082 |a 428.24 
082 |b D621w/T2 
100 |a Robert J. Dixson 
245 0 |a Modern American English : Workbook 2 
245 0 |c Robert J. Dixson 
260 |a Englewood Cliffs, New Jersey 
260 |b Prentice Hall 
260 |c 1992 
650 |a english language 
650 |x textbooks for foreign speakers 
980 |a Trung tâm Học liệu Trường Đại học Cần Thơ